000 00701nam a2200169 a 4500
001 000044176
005 20240226142543.0
008 140604s2007 dr ac 000 0 spa d
040 _aDO-SdBNP
_bspa
_cBNPHU
100 1 _aRemérez Ferreira, Rafael R.
_972179
245 1 0 _aEn carne viva :
_bmeditación de un soldado sobre la dominicanidad /
_cRafael R. Ramírez Ferreira ; editor Sócrates Suazo Ruíz ; prólogo José Miguel Soto Jiménez.
260 _aSanto Domingo :
_bEdita-Libros,
_c2007.
300 _a239 p. ;
_c23 cm.
500 _aIncluye datos biográficos del autor en la solapa
700 1 2 _aSuazo Ruíz, Sócrate
_eed.
_972180
700 1 2 _aSoto Jiménez, José Miguel,
_d1956-
_epról.
_911668
999 _c43665
_d43665